Top 40 best French football players of all time - Statistics

General Stats
  • This quiz has been taken 1,237 times
  • The average score is 25 of 40
Answer Stats
Hint Answer % Correct
Ballon d'Or 1998, Juventus, Real Madrid Zinedine Zidane
97%
Forward, PSG, World Cup 2018 Kylian Mbappé
96%
Forward, Atletico Madrid, World Cup 2018 Antoine Griezmann
93%
Forward, Arsenal, World Cup 1998 Thierry Henry
93%
Midfielder, Juventus, Manchester United, World Cup 2018 Paul Pogba
92%
Goalkeeper, Tottenham, World Cup 2018 Hugo Lloris
91%
Ballon d'Or 2022, Real Madrid Karim Benzema
91%
Midfielder, Chelsea, World Cup 2018 N'Golo Kanté
89%
Striker, Chelsea, Arsenal, World Cup 2018 Olivier Giroud
88%
Defender, Real Madrid, Manchester United, World Cup 2018 Raphaël Varane
88%
3 Ballon d'Or, Juventus, Euro 1984 Michel Platini
87%
Forward, Bayern Munich, Champions League 2013 Franck Ribéry
83%
Defender, Parma, Juventus, World Cup 1998 Lilian Thuram
75%
Full-back, Manchester United, Champions League 2008 Patrice Evra
75%
Goalkeeper, Manchester United, Monaco, World Cup 1998 Fabien Barthez
74%
Midfielder, Arsenal, Inter Milan, World Cup 1998 Patrick Vieira
74%
Midfielder, PSG, Juventus, World Cup 2018 Blaise Matuidi
72%
Striker, Juventus, World Cup 1998 David Trezeguet
72%
Midfielder/Defender, Chelsea, AC Milan, World Cup 1998 Marcel Desailly
72%
Midfielder, Juventus, Marseille, World Cup 1998 Didier Deschamps
68%
Defender, Marseille, Inter Milan, Manchester United, World Cup 1998 Laurent Blanc
68%
Forward, Manchester United, 5 Premier League titles Éric Cantona
67%
Ballon d'Or 1991, Marseille, AC Milan Jean-Pierre Papin
66%
Midfielder, Arsenal, Monaco, World Cup 1998 Emmanuel Petit
65%
Midfielder, Real Madrid, Chelsea, Champions League 2002 Claude Makélélé
63%
Full-back, Bordeaux, Bayern Munich, World Cup 1998 Bixente Lizarazu
58%
Defender, Barcelona, 2 Champions League Éric Abidal
57%
Striker of 1950s, Stade Reims Just Fontaine
56%
Forward, Chelsea, Manchester City, 2 Champions League Nicolas Anelka
53%
Ballon d'Or 1958, Real Madrid, Stade Reims Raymond Kopa
53%
Midfielder/Forward, Inter Milan, Monaco, World Cup 1998 Youri Djorkaeff
38%
Defender, Chelsea, Arsenal, 2 Premier League titles William Gallas
37%
Forward, Arsenal, Lyon, Euro 2000 Sylvain Wiltord
31%
Midfielder, Bordeaux, Lyon, Euro 1984 Jean Tigana
24%
Defender of 1970s, Marseille Marius Trésor
24%
Midfielder, Bordeaux, Euro 1984 Alain Giresse
23%
Full-back, Roma, World Cup 1998 Vincent Candela
18%
Forward, PSG, Saint-Étienne, Euro 1984 Dominique Rocheteau
17%
Defender, Marseille, Monaco, Euro 1984 Manuel Amoros
13%
Defender/Midfielder, Marseille, Valencia, Champions League 1993 Jocelyn Angloma
8%
No matching quizzes found
Score Distribution
Percent of People with Each Score
Percentile by Number Answered
Your Score History
You have not taken this quiz